[Event "FICGS W-ch st1 g06 email"]
[Site "FICGS email"]
[Date "2007.01.16"]
[Round "1"]
[White "Oliveira, Carlos"]
[Black "Ducreux, Regis"]
[Result "1-0"]
[WhiteElo "1981"]
[BlackElo "1247"]
[PlyCount "41"]
[EventDate "2007.??.??"]
[EventType "tourn (corr)"]
[EventRounds "8"]
[SourceTitle "Corr 2022"]
[Source "ChessBase"]
[SourceDate "2021.10.24"]
[SourceVersion "1"]
[SourceVersionDate "2021.10.24"]
[SourceQuality "1"]

1. b3 e5 2. Bb2 Nc6 3. e3 Nf6 4. Bb5 d6 5. Bxc6+ bxc6 6. d4 exd4 7. exd4 Be7 8. Nf3 0-0 9. 0-0 Bg4 10. h3 Bxf3 11. Qxf3 c5 12. dxc5 dxc5 13. c4 Rc8 14. Nc3 c6 15. Rad1 Qc7 16. Rfe1 Rfd8 17. Na4 Rxd1 18. Rxd1 Bd6 19. Ba3 Nd7 20. Qd3 Rd8 21. Qxd6 1-0

[Event "FICGS class E 000021 email"]
[Site "FICGS email"]
[Date "2006.11.14"]
[Round "1"]
[White "Ducreux, Regis"]
[Black "Nesko, Lawrence"]
[Result "0-1"]
[WhiteElo "1308"]
[BlackElo "1400"]
[PlyCount "50"]
[EventDate "2006.??.??"]
[EventType "tourn (corr)"]
[EventRounds "5"]
[SourceTitle "Corr 2022"]
[Source "ChessBase"]
[SourceDate "2021.10.24"]
[SourceVersion "1"]
[SourceVersionDate "2021.10.24"]
[SourceQuality "1"]

1. d4 Nf6 2. c4 g6 3. Nc3 Bg7 4. Bg5 0-0 5. Nf3 d6 6. e4 Bg4 7. Be2 Nbd7 8. 0-0 Bxf3 9. Bxf3 c6 10. d5 cxd5 11. exd5 Ne5 12. Bxf6 exf6 13. b3 f5 14. Nb5 Nxf3+ 15. Qxf3 Bxa1 16. Rxa1 Re8 17. g3 a6 18. Nc3 Qf6 19. Rc1 Re5 20. Na4 Rae8 21. Nb6 Qe7 22. Kg2 Re4 23. Na4 Qg5 24. Nc3 Qxc1 25. Nxe4 Rxe4 0-1

[Event "FICGS class E 000021 email"]
[Site "FICGS email"]
[Date "2006.11.14"]
[Round "1"]
[White "Vanttinen, Timo"]
[Black "Ducreux, Regis"]
[Result "1-0"]
[WhiteElo "1500"]
[BlackElo "1308"]
[PlyCount "71"]
[EventDate "2006.??.??"]
[EventType "tourn (corr)"]
[EventRounds "5"]
[SourceTitle "Corr 2022"]
[Source "ChessBase"]
[SourceDate "2021.10.24"]
[SourceVersion "1"]
[SourceVersionDate "2021.10.24"]
[SourceQuality "1"]

1. c4 e5 2. Nc3 Nf6 3. d3 Bb4 4. Bd2 Nc6 5. g3 d6 6. Bg2 0-0 7. a3 Bxc3 8. Bxc3 Bg4 9. Nf3 Qe7 10. Nd2 Bd7 11. b4 Rab8 12. 0-0 Nd4 13. e3 Nf5 14. d4 exd4 15. exd4 Rfe8 16. Qe1 Qxe1 17. Rfxe1 Rxe1+ 18. Rxe1 c6 19. d5 Re8 20. Rxe8+ Nxe8 21. c5 dxc5 22. bxc5 Nf6 23. Bxf6 gxf6 24. Ne4 Kg7 25. Nc3 cxd5 26. Bxd5 Bc6 27. Kf1 Bxd5 28. Nxd5 Nd4 29. Nb4 Nc6 30. Ke2 Kf8 31. Ke3 Ke7 32. Ke4 Ke6 33. g4 a5 34. Nxc6 bxc6 35. h4 h6 36. a4 1-0

[Event "FICGS class F 000017 email"]
[Site "FICGS email"]
[Date "2006.11.09"]
[Round "1"]
[White "Ducreux, Regis"]
[Black "Neil, Charles"]
[Result "0-1"]
[WhiteElo "1308"]
[BlackElo "1336"]
[PlyCount "66"]
[EventDate "2006.??.??"]
[EventType "tourn (corr)"]
[EventRounds "5"]
[SourceTitle "Corr 2022"]
[Source "ChessBase"]
[SourceDate "2021.10.24"]
[SourceVersion "1"]
[SourceVersionDate "2021.10.24"]
[SourceQuality "1"]

1. d4 Nf6 2. c4 Nc6 3. Nf3 e6 4. Nc3 Bb4 5. Bd2 0-0 6. e3 d5 7. cxd5 Nxd5 8. Nxd5 Bxd2+ 9. Qxd2 Qxd5 10. Be2 Bd7 11. 0-0 Rfe8 12. Rfd1 Rad8 13. b3 e5 14. Bc4 Qd6 15. dxe5 Qxd2 16. Rxd2 Nxe5 17. Nxe5 Rxe5 18. Rad1 Re7 19. a4 Kf8 20. Bb5 c6 21. Be2 f5 22. Bc4 Ke8 23. b4 Re4 24. Be2 Rxb4 25. Ra1 Be6 26. Rxd8+ Kxd8 27. h3 Ke7 28. Kf1 Kf6 29. Ke1 Bd5 30. f3 g5 31. Kd2 a5 32. Kc3 Ke5 33. Bd3 h5 0-1

[Event "FICGS class F 000017 email"]
[Site "FICGS email"]
[Date "2006.11.09"]
[Round "1"]
[White "Willoughby, Peter"]
[Black "Ducreux, Regis"]
[Result "1-0"]
[WhiteElo "1275"]
[BlackElo "1308"]
[PlyCount "49"]
[EventDate "2006.??.??"]
[EventType "tourn (corr)"]
[EventRounds "5"]
[SourceTitle "Corr 2022"]
[Source "ChessBase"]
[SourceDate "2021.10.24"]
[SourceVersion "1"]
[SourceVersionDate "2021.10.24"]
[SourceQuality "1"]

1. e4 e5 2. f4 Nc6 3. Bc4 Nf6 4. Nc3 Bb4 5. Nge2 0-0 6. 0-0 d6 7. Nd5 Nxd5 8. Bxd5 Be6 9. Bxc6 bxc6 10. a3 Ba5 11. f5 Bd7 12. d4 exd4 13. Nxd4 c5 14. Nb3 Bb6 15. Kh1 f6 16. Nd2 Bc6 17. Qg4 Qe7 18. Re1 Bd7 19. Nc4 g5 20. Re3 Qg7 21. Rg3 h6 22. Qd1 Bb5 23. Ne3 Rae8 24. Nd5 Rxe4 25. Nc3 1-0

[Event "FICGS rapid C 000007 email"]
[Site "FICGS email"]
[Date "2006.08.12"]
[Round "1"]
[White "Ducreux, Regis"]
[Black "Hansell, Tim"]
[Result "1-0"]
[WhiteElo "1370"]
[BlackElo "1258"]
[PlyCount "69"]
[EventDate "2006.??.??"]
[EventType "tourn (rapid)"]
[EventRounds "4"]
[SourceTitle "Corr 2022"]
[Source "ChessBase"]
[SourceDate "2021.10.24"]
[SourceVersion "1"]
[SourceVersionDate "2021.10.24"]
[SourceQuality "1"]

1. d4 Nc6 2. Nf3 d5 3. Nc3 e5 4. e3 exd4 5. exd4 Qe7+ 6. Qe2 Be6 7. Bg5 f6 8. Bf4 Qb4 9. 0-0-0 Nxd4 10. Nxd4 Qa5 11. Qb5+ Qxb5 12. Ncxb5 Bb4 13. Nxc7+ Kd8 14. Nxa8 f5 15. Nxe6+ Ke7 16. Nxg7 Nf6 17. Nxf5+ Ke6 18. Nd4+ Kf7 19. Nc7 Nh5 20. Nxd5 Rd8 21. Nxb4 Nxf4 22. Bc4+ Kf6 23. Nd3 Rxd4 24. b3 Nxg2 25. Nc5 Rf4 26. Rdf1 h5 27. Nxb7 Nh4 28. Nd6 Ke7 29. Nc8+ Kd8 30. Nxa7 Nf5 31. Nc6+ Kc7 32. Ne5 Kd6 33. Ng6 Rd4 34. Rd1 Rxd1+ 35. Rxd1+ 1-0

[Event "FICGS class F 000007 email"]
[Site "FICGS email"]
[Date "2006.08.02"]
[Round "1"]
[White "Cousteix, Thierry"]
[Black "Ducreux, Regis"]
[Result "0-1"]
[WhiteElo "1254"]
[BlackElo "1370"]
[PlyCount "42"]
[EventDate "2006.??.??"]
[EventType "tourn (corr)"]
[EventRounds "5"]
[SourceTitle "Corr 2022"]
[Source "ChessBase"]
[SourceDate "2021.10.24"]
[SourceVersion "1"]
[SourceVersionDate "2021.10.24"]
[SourceQuality "1"]

1. c4 e5 2. Nc3 Nf6 3. e4 Bb4 4. Qa4 Bxc3 5. dxc3 Nxe4 6. Ne2 Nc6 7. f3 Nc5 8. Qc2 0-0 9. Be3 Ne6 10. Rd1 d6 11. f4 exf4 12. Nxf4 Nxf4 13. Bxf4 Re8+ 14. Be2 Bg4 15. 0-0 Bxe2 16. Rde1 Bxc4 17. Rxe8+ Qxe8 18. Rd1 Qe2 19. Qxe2 Bxe2 20. Rd5 Bc4 21. a4 Bxd5 0-1

[Event "FICGS class F 000007 email"]
[Site "FICGS email"]
[Date "2006.08.02"]
[Round "1"]
[White "Ducreux, Regis"]
[Black "Sabicas, Eli"]
[Result "1-0"]
[WhiteElo "1370"]
[BlackElo "1200"]
[PlyCount "57"]
[EventDate "2006.??.??"]
[EventType "tourn (corr)"]
[EventRounds "5"]
[SourceTitle "Corr 2022"]
[Source "ChessBase"]
[SourceDate "2021.10.24"]
[SourceVersion "1"]
[SourceVersionDate "2021.10.24"]
[SourceQuality "1"]

1. d4 Nf6 2. c4 g6 3. Nc3 Bg7 4. Nf3 d5 5. e3 0-0 6. Be2 c6 7. 0-0 e6 8. cxd5 cxd5 9. Bd2 Nc6 10. Bb5 Bd7 11. Bxc6 Bxc6 12. Ne5 Rc8 13. Nxc6 Rxc6 14. Nb5 a6 15. Nc3 b5 16. Rc1 Qd7 17. Ne2 Rfc8 18. Rxc6 Rxc6 19. Nf4 Ne4 20. Bb4 Nd6 21. Bxd6 Qxd6 22. Nd3 Qc7 23. Nb4 Rd6 24. Qd3 a5 25. Nc2 Qc4 26. Qxc4 bxc4 27. Rd1 Rb6 28. Rb1 Bf8 29. a3 1-0